000
00271nam a22001217a 4500
003
OSt
005
20260116105734.0
008
260116b |||||||| |||| 00| 0 eng d
040
_c
fms
100
_a
Zeithaml
_9
898158
245
_a
Services marketing
942
_2
CC
_c
GB
_n
0
999
_c
1490767
_d
1490767